000 00626nam a2200217Ia 4500
005 20250508165047.0
008 008 250505s9999 xx 000 0 hin d
020 _a81-7178-132-2
037 _aTextual
040 _aFEDL
_beng
_cFEDL
041 _ahin
_2hin
084 _a891.431, DWI
_qFEDL
100 _aDwivedi Hazari Prasad
245 0 _aKabir: Kabir ke vyektitva , sahitya aur darshanik vicharo ki aalochna
260 _aNew Delhi, India
_bRajkamal Prakashan
_c1993
300 _a279p.
365 _aINR
_b40.5
546 _aMACESE
942 _cTEXL
_h891.431, DWI
999 _c1392903
_d1392903